Teoría del reactor químico / (Record no. 55316)

MARC details
000 -LEADER
campo de control de longitud fija 00779nam a2200217 i 4500
001 - NÚMERO DE CONTROL
campo de control 55316
003 - IDENTIFICADOR DE NÚMERO DE CONTROL
campo de control ES-MaACL
005 - FECHA Y HORA DE LA ÚLTIMA TRANSACCIÓN
campo de control 20230906163123.0
007 - CAMPO FIJO DE DESCRIPCIÓN FÍSICA--INFORMACIÓN GENERAL
campo de control de longitud fija t|
008 - DATOS DE LONGITUD FIJA--INFORMACIÓN GENERAL
campo de control de longitud fija 030917s1968 sp ||||1| spa d
100 1# - ENTRADA PRINCIPAL--NOMBRE DE PERSONA
Nombre de persona Denbigh, Kenneth.
9 (RLIN) 43680
245 10 - MENCIÓN DEL TÍTULO
Título Teoría del reactor químico /
Mención de responsabilidad, etc. Kenneth Denbigh ; versión Luis García Gutiérrez, Federico Esteban Ochoa de Retana ; revisión Pedro Luis y Luis, Luis Gutiérrez Jodra.
250 ## - MENCION DE EDICION
Mención de edición [1ª ed.].
260 ## - PUBLICACIÓN, DISTRIBUCIÓN, ETC.
Lugar de publicación, distribución, etc. Madrid :
Nombre del editor, distribuidor, etc. [Alhambra],
Fecha de publicación, distribución, etc. 1968.
300 ## - DESCRIPCIÓN FÍSICA
Extensión X, 241 p. :
Otras características físicas il. ;
Dimensiones 20 cm.
700 1# - ENTRADA AGREGADA--NOMBRE PERSONAL
Nombre de persona García Gutiérrez, Luis.
9 (RLIN) 54748
700 1# - ENTRADA AGREGADA--NOMBRE PERSONAL
Nombre de persona Ochoa de Retana, Federico Esteban.
9 (RLIN) 86489
700 1# - ENTRADA AGREGADA--NOMBRE PERSONAL
Nombre de persona Luis y Luis, Pedro.
9 (RLIN) 74700
700 1# - ENTRADA AGREGADA--NOMBRE PERSONAL
Nombre de persona Gutiérrez Jodra, Luis.
9 (RLIN) 61166
852 ## - LOCALIZACIÓN
Ubicación ES-MaACL
Número de control de estantería G-3930
Sublocalización o colección R.65480
Holdings
Estatus retirado Estado de pérdida Estado de daño No para préstamo Biblioteca de origen Biblioteca actual Ubicación en estantería Fecha de adquisición Fuente de adquisición Total de préstamos Signatura topográfica completa Código de barras Visto por última vez Precio de reemplazo Tipo de ítem Koha
        Biblioteca del Ateneo de Madrid Biblioteca del Ateneo de Madrid Depósito 2 17/01/2008     G-3930 1058118 23/02/2023 23/02/2023 Libro impreso